000 00468nam a2200181Ia 4500
003 OSt
005 20230530144417.0
008 210423s2009 xx 000 0 und d
040 _cAL
041 _aeng
082 _a658.4
_223
_bSINO
100 _aSINGH (Kavitha).
_9117023
245 _aOrganisation change and development.
260 _aNew Delhi
_bExcel Books
_c2009
365 _b275
_cINR
906 _achange ; development. ; Organisation
942 _2ddc
_cBK
999 _c175489
_d175489